Biznis je istý druh hry "na Slovensku sa neuplatňujú etické kódexy, ktoré dnes majú spracované prakticky všetky svetové firmy," hovorí Peter Weber

Bibliographic Details
Main Authors: Žitňanský, Eduard, 1952-2022 (ain), Weber, Peter, 1946- (Author, uin)
Format: Article
Language:Slovak
PhysicalDescription:Fotogr.
ISSN:1335-4620
Subjects:

MARC

LEADER 00000nab a2200000 a 4500
001 vtls000838869
003 SK-MaSNL
005 20260303212742.0
008 180206c2003 xo 0 slo
015 |a SNBRB2003/07-19066 
035 |a CLN000190524 
040 |a SNKBUCL  |b slo  |c SNKBUCL  |e AACR2 
041 0 |a slo 
044 |a xo  |c SK 
080 |a 004:061.5  |2 UDC-MRF-SK2 
080 |a 301.15/.18:004  |2 UDC-MRF-SK2 
100 1 |a Žitňanský, Eduard,  |d 1952-2022  |4 ain  |9 110414 
245 1 0 |a Biznis je istý druh hry  |b "na Slovensku sa neuplatňujú etické kódexy, ktoré dnes majú spracované prakticky všetky svetové firmy," hovorí Peter Weber  |c [zhováral sa] Eduard Žitňanský 
300 |b Fotogr. 
610 7 |a Hewlett-Packard  |2 snkbucl  |9 95867 
650 0 7 |a informatizácia  |2 snkbucl  |9 18583 
655 7 |a články z novín a časopisov  |2 snkbucl  |9 267496 
700 1 |a Weber, Peter,  |d 1946-  |4 aut  |4 uin  |9 1245852 
773 0 |x 1335-4620  |t Profit  |g Č. 2-3 (2003), s. [36]-39 
850 |a Slovenská národná knižnica v Martine 
852 |a SNK  |b KIS3GCP 
958 |a RBX 
999 |c 2208917  |d 2210847